| 000 | 00837nam a2200265Ia 4500 | ||
|---|---|---|---|
| 003 | GCL | ||
| 008 | 140319s9999 xx 000 0 ara d | ||
| 040 |
_aGCL / _cGCL |
||
| 082 | 0 | 4 |
_a330.122 _bا ب |
| 100 | 1 | _aاحمد برقاوى | |
| 245 | 1 | 0 |
_aالبرجوازية العربية المعاصرة / _cاحمد برقاوى |
| 700 | 1 | _aبوعلى ياسين | |
| 700 | 1 | _aرزق الله هيلان | |
| 700 | 1 | _aفاصل جكتر (مترجم) | |
| 260 |
_a[S.N] : _bمؤسسة عيبال للدراسات والنشر ، _c1991 |
||
| 300 | _a334 ص | ||
| 490 |
_aجدل _v0 |
||
| 650 | 0 | 4 | _aالاقتصاد |
| 650 | 0 | 4 | _aالشيوعية |
| 650 | 0 | 4 | _aالرأسمالية |
| 650 | 0 | 4 | _aالاشتراكية |
| 650 | 0 | 4 | _aالوطن العربى |
| 650 | 0 | 4 | _aالاحوال الاقتصادية |
| 942 |
_2ddc _cBK |
||
| 999 |
_c55590 _d55590 |
||